00865nam a22002417a 450000500170000001000130001702000100003003500130004003700160005304000120006908200160008124500980009726000410019527000370023630000210027365000130029465000340030770000250034170000250036694200250039199900190041695201880043520170124105959.0 aA-377429 c00.00 aA-377429 bCen Lib/Ret aDPLbEN a342.73bPOL aPolicy implementation :cedited by John Brigham [and] Don W. Brownbpenalties or incentives / aCaliforniabSage publications c1980 bCalifornia a375, South beverly  a371p. c21cm(Hb) aLaw9104 aPolicy implementation 915258 aBrigham, John915259 aBrown, Don W.915260 2ddccENh342.73mPOL c125713d125713 04104070aLbLd2015-06-23eCen Lib/Retg0.00l0o342.73 POLpA-377429r2015-06-23 00:00:00t1v0.00w2015-06-23yENzWritten off on approval by DLB (By Circulation); dtd 15-06-2023